00000000nam##2200000za#4500
0019.599908
003CaOODSP
00520210624205317
007cr |||||||||||
008150406|1997||||xxc|||||o    f|0| 0 fre|d
040 |aCaOODSP|bfre
043 |an-cn---
0861 |aBT31-4/60-1997F-PDF
1101 |aCanada. |bConseil du trésor.
24510|aCommissariat aux langues officielles, rapport sur le rendement pour la période se terminant le 31 mars 1997 |h[ressource électronique]
2461 |iSur la page de titre : |aPrésentation améliorée des rapports au Parlement - document pilote
260 |aOttawa - Ontario : |bSecrétariat du Conseil du Trésor du Canada
300 |a36p.|bgraphiques, carte, organigramme, tableaux
4901 |aRapport sur le rendement pour la période se terminant le 31 mars 1997 |vPour la période se terminant le 31 mars 1997
500 |aLe n° de catalogue (BT31-4/60-1997) et l'ISBN (0-660-60346-2) de l'édition imprimée bilingue ont été incorrectement copiés dans cette édition électronique.
590 |a12-25-Supp|b2012-06-04
77508|tOffice of the Commissioner of Official Languages, performance report for the period ending March 31, 1997 |w(CaOODSP)9.568636
7760#|tOffice of the Commissioner of Official Languages|w(CaOODSP)9.529588
7760#|tCommissariat aux langues officielles|w(CaOODSP)9.529589
830#0|aRapport sur le rendement pour la période se terminant le 31 mars 1997 ;|vPour la période se terminant le 31 mars 1997|w(CaOODSP)9.502645
85640|ahttp://publications.gc.ca|qPDF|s489 Ko|uhttps://publications.gc.ca/collections/Collection/BT31-4-60-1997F.pdf|yPour la période se terminant le 31 mars 1997